El contrato de promesa.

Kaydedildi:
Detaylı Bibliyografya
Yazar: Abeliuk Manasevich, René (autor)
Materyal Türü: Kitap
Dil:İspanyolca
Baskı/Yayın Bilgisi: Santiago, Chile: López-Viancos, 1971.
Konular:
Etiketler: Etiketle
Etiket eklenmemiş, İlk siz ekleyin!

MARC

LEADER 00000nam a2200000 a 4500
001 UCS1150
003 CL-VaPUC
005 20231108111754.0
008 970509e19710000CL |||||||||||||||||spa|d
999 |c 259253  |d 259251 
040 |c Pontificia Universidad Católica de Valparaíso 
082 0 4 |a 346.022 ABE 1971   |2 21 
100 |a Abeliuk Manasevich, René  |e autor  |9 295258 
245 1 3 |a El contrato de promesa. 
260 |a Santiago, Chile:  |b López-Viancos,   |c 1971.  
300 |a 101 páginas.  
500 |a c.2 Donación del Profesor Jorge López Santa María. MEMO N° 040. 20/10/2023. 
583 |a last modification  |c 19970509 00:00:00  |k Rodrigo Vera 
650 0 |a Contratos  |9 255153  |x Responsabilidad civil   |z Chile  
650 0 |a Obligaciones   |9 255578  |x Derecho civil chileno  
942 |c BK  |2 ddc 
945 |d 19970509 00:00:00  |a cmena